[Event "Arad op"]
[Site "Arad"]
[Date "2012.07.27"]
[Round "8"]
[White "Gheoalda, Daniel"]
[Black "Gheorghiu, Calin"]
[Result "0-1"]
[WhiteElo "1763"]
[BlackElo "2001"]
[PlyCount "80"]
[EventDate "2012.07.27"]
[EventType "swiss"]
[EventRounds "9"]
[EventCountry "ROU"]
[SourceTitle "CBM 149 Extra"]
[Source "ChessBase"]
[SourceDate "2012.08.24"]
[SourceVersion "1"]
[SourceVersionDate "2012.08.24"]
[SourceQuality "1"]

1. d4 Nf6 2. c4 e6 3. a3 b6 4. Nc3 Bb7 5. Bg5 d5 6. cxd5 exd5 7. e3 Nbd7 8. Nf3 a6 9. Bd3 Bd6 10. 0-0 0-0 11. Rc1 Qe8 12. Bb1 Ne4 13. Qd3 f5 14. Ba2 Nxg5 15. Nxg5 Qh5 16. f4 Nf6 17. Rf3 h6 18. Rh3 Qe8 19. Nf3 Rd8 20. Nh4 c6 21. Nxf5 Bc8 22. Nxd6 Rxd6 23. Rg3 Nh5 24. Rf3 Bg4 25. Rf2 Re6 26. Nxd5 cxd5 27. Bxd5 Kh8 28. Bxe6 Qxe6 29. d5 Qe8 30. d6 Bf5 31. Qd4 Nf6 32. h3 Qb5 33. Rc7 Re8 34. g4 Re4 35. Qc3 Bd7 36. Rc2 Nd5 37. Rc8+ Kh7 38. Qd2 Nxe3 39. a4 Qf1+ 40. Kh2 Qxf4+ 0-1

[Event "Bucharest Gaudeamus Cup 3rd"]
[Site "Bucharest"]
[Date "2011.06.19"]
[Round "5"]
[White "Munteanu, Ali Eduard"]
[Black "Gheoalda, Daniel"]
[Result "1-0"]
[WhiteElo "1896"]
[BlackElo "1792"]
[PlyCount "65"]
[EventDate "2011.06.17"]
[EventType "swiss"]
[EventRounds "5"]
[EventCountry "ROU"]
[SourceTitle "CBM 143 Extra"]
[Source "ChessBase"]
[SourceDate "2011.08.29"]
[SourceVersion "1"]
[SourceVersionDate "2011.08.29"]
[SourceQuality "1"]

1. d4 e6 2. c4 d5 3. Nc3 Nf6 4. cxd5 exd5 5. Bg5 Bb4 6. e3 0-0 7. Bd3 Re8 8. Nf3 Bg4 9. 0-0 Bxc3 10. bxc3 Qd6 11. Bf4 Qe7 12. Qc2 c6 13. Ne5 Bh5 14. Rab1 Ne4 15. f3 Nf6 16. Rfe1 c5 17. c4 Nc6 18. Nxc6 bxc6 19. cxd5 Nxd5 20. Bxh7+ Kh8 21. Be4 Nxf4 22. exf4 Qh4 23. g3 Qf6 24. Qxc5 g6 25. g4 Bxg4 26. fxg4 Qxf4 27. Bg2 Qd2 28. Re5 Qxa2 29. Rbe1 Rf8 30. R5e3 Qd2 31. Qe5+ f6 32. Qf4 g5 33. Rh3+ 1-0

[Event "Bucharest Gaudeamus Cup 3rd"]
[Site "Bucharest"]
[Date "2011.06.17"]
[Round "1"]
[White "Stanciu, Robert"]
[Black "Gheoalda, Daniel"]
[Result "1-0"]
[WhiteElo "2102"]
[BlackElo "1792"]
[PlyCount "61"]
[EventDate "2011.06.17"]
[EventType "swiss"]
[EventRounds "5"]
[EventCountry "ROU"]
[SourceTitle "CBM 143 Extra"]
[Source "ChessBase"]
[SourceDate "2011.08.29"]
[SourceVersion "1"]
[SourceVersionDate "2011.08.29"]
[SourceQuality "1"]

1. d4 e6 2. Nf3 d5 3. c4 Nf6 4. Nc3 Be7 5. Bf4 c6 6. e3 Nbd7 7. Bd3 0-0 8. Qc2 Qa5 9. 0-0 Re8 10. Ne5 Nf8 11. h3 N6d7 12. Ne2 Nxe5 13. Bxe5 Bd7 14. a3 c5 15. dxc5 dxc4 16. Qxc4 Qxc5 17. Qxc5 Bxc5 18. Be4 Bb5 19. Rfe1 Nd7 20. Bg3 Ba6 21. Nc3 Nf6 22. Bf3 Rac8 23. Rac1 e5 24. b4 e4 25. Bd1 Bf8 26. Ba4 Red8 27. b5 Bxa3 28. Rc2 Rd3 29. bxa6 b5 30. Nxb5 Rcd8 31. Nxa3 1-0

[Event "ROM-ch op"]
[Site "Sarata Monteoru"]
[Date "2011.02.12"]
[Round "1"]
[White "Gheoalda, Daniel"]
[Black "Florescu, Codrut Constantin"]
[Result "0-1"]
[WhiteElo "1800"]
[BlackElo "2226"]
[PlyCount "46"]
[EventDate "2011.02.12"]
[EventType "swiss"]
[EventRounds "11"]
[EventCountry "ROU"]
[SourceTitle "CBM 140 Extra"]
[Source "ChessBase"]
[SourceDate "2011.03.01"]
[SourceVersion "1"]
[SourceVersionDate "2011.03.01"]
[SourceQuality "1"]

1. d4 Nf6 2. Nf3 b6 3. Bf4 Bb7 4. e3 g6 5. h3 Bg7 6. Nbd2 0-0 7. Be2 d6 8. 0-0 Nbd7 9. c3 c5 10. Re1 Rc8 11. Rc1 Rc7 12. Qa4 Qc8 13. c4 cxd4 14. exd4 Nd5 15. Bg3 Bh6 16. Qd1 Nf4 17. Bf1 e5 18. Rc2 Qa8 19. dxe5 dxe5 20. Nxe5 Nxe5 21. Rxe5 Bxg2 22. Qg4 Bxf1 23. Nxf1 Qg2# 0-1